The Art Of Quantitative Finance Vol.1: Trading, Derivatives And Basic Concepts Trading, Derivatives And Basic Concepts (Record no. 42824)

MARC details
000 -LEADER
fixed length control field 00397nam a2200121Ia 4500
008 - FIXED-LENGTH DATA ELEMENTS--GENERAL INFORMATION
fixed length control field 241028s9999 xx 000 0 und d
041 ## - LANGUAGE CODE
Language code of text/sound track or separate title eng
082 ## - DEWEY DECIMAL CLASSIFICATION NUMBER
Classification number 332.64 LAR
100 ## - MAIN ENTRY--PERSONAL NAME
Personal name Larcher Gerhard
245 ## - TITLE STATEMENT
Title The Art Of Quantitative Finance Vol.1: Trading, Derivatives And Basic Concepts Trading, Derivatives And Basic Concepts
260 ## - PUBLICATION, DISTRIBUTION, ETC.
Name of publisher, distributor, etc. Springer
Place of publication, distribution, etc. Switzerland
Date of publication, distribution, etc. 2023
300 ## - PHYSICAL DESCRIPTION
Extent 516;. P. 24 cm
Holdings
Withdrawn status Lost status Damaged status Not for loan Home library Current library Shelving location Date acquired Cost, normal purchase price Total Checkouts Full call number Barcode Date last seen Cost, replacement price Price effective from Koha item type
        IMTN IMTN Rack 12-A 07/03/2024 13271.00   332.64 LAR 33253 10/28/2024 139.99 10/28/2024 Books
Designed & Maintained by: LRC IMT Nagpur Contact: lrc@imtnag.ac.in© 2024. All Rights Reserved.